<?xml version="1.0" encoding="UTF-8"?>
<record
    xmlns:xsi="http://www.w3.org/2001/XMLSchema-instance"
    xsi:schemaLocation="http://www.loc.gov/MARC21/slim http://www.loc.gov/standards/marcxml/schema/MARC21slim.xsd"
    xmlns="http://www.loc.gov/MARC21/slim">

  <leader>04352nab a2200313 i 4500</leader>
  <controlfield tag="003">BR-BrBNA</controlfield>
  <controlfield tag="005">20230918140647.0</controlfield>
  <controlfield tag="008">230523b2019    bl.ar|pooa||| 00| 0 eng |</controlfield>
  <datafield tag="040" ind1=" " ind2=" ">
    <subfield code="a">BR-BrBNA</subfield>
    <subfield code="b">eng</subfield>
  </datafield>
  <datafield tag="072" ind1=" " ind2=" ">
    <subfield code="a">H60</subfield>
    <subfield code="b">0336</subfield>
  </datafield>
  <datafield tag="100" ind1=" " ind2=" ">
    <subfield code="a">Silva, A.F.M.</subfield>
  </datafield>
  <datafield tag="100" ind1=" " ind2=" ">
    <subfield code="a">Albrecht, A.J.P.</subfield>
  </datafield>
  <datafield tag="100" ind1=" " ind2=" ">
    <subfield code="a">Silva, G.S.</subfield>
  </datafield>
  <datafield tag="100" ind1=" " ind2=" ">
    <subfield code="a">Kashivaqui, E.S.F.</subfield>
  </datafield>
  <datafield tag="100" ind1=" " ind2=" ">
    <subfield code="a">Albrecht, L.P.</subfield>
  </datafield>
  <datafield tag="100" ind1=" " ind2=" ">
    <subfield code="a">Victoria Filho, R.</subfield>
  </datafield>
  <datafield tag="245" ind1=" " ind2=" ">
    <subfield code="a">Rates of nicosulfuron applied in glyphosate-tolerant and sulfonylurea-tolerant soybean</subfield>
  </datafield>
  <datafield tag="500" ind1=" " ind2=" ">
    <subfield code="a">Publica&#xE7;&#xE3;o on-line; 24 ref.; 3 tables; 9 illus.; Summaries (En, Pt)</subfield>
  </datafield>
  <datafield tag="520" ind1=" " ind2=" ">
    <subfield code="a">

ABSTRACT - STS cultivars tolerate up to four times higher rates of chlorimuron
than those recommended for non-tolerant cultivars, without significant damage.
However, few studies position the selectivity of nicosulfuron in STS cultivars. The
aim of this study was to assess the selectivity of rates of the herbicide nicosulfuron
applied in the post-emergence (V4) of RR/STS soybean. The experiments were
conducted in the 2015/16 and 2016/17 seasons in Piracicaba, SP. In the 2016/17
season, the experiment was also conducted in Palotina, PR. Treatments consisted of
six rates of the herbicide nicosulfuron (0, 50, 100, 150, 200, and 250 g a.i. ha-1). The
experimental design was a randomized block design with four replications. The
symptoms of injury were assessed at 7, 14, 21, and 28 days after application, as well
as the assessment of variables related to the agronomic performance (plant height,
number of pods per plant, yield, and one thousand-grain weight). The data were
submitted to regression analysis (p&lt;0.05). The estimated rates reduced yield by 5%
in relation to the rate 0 and were between 57.79 and 68.37 g a.i. ha-1. In general, the
RR/STS soybean is tolerant to the application of nicosulfuron up to 57.79 g a.i. ha-1
when considering the estimated rates. Therefore, the RR/STS soybean is tolerant to
the application of nicosulfuron up to 50 g a.i. ha-1, according to the applied rates.


Keywords: herbicide-tolerant crops, ALS inhibitors, agronomic performance,
selectivity, Glycine max (L.) Merrill.

</subfield>
  </datafield>
  <datafield tag="520" ind1=" " ind2=" ">
    <subfield code="a">

RESUMO - Cultivares STS toleram doses at&#xE9; quatro vezes maiores de chlorimuron
que as recomendadas para cultivares n&#xE3;o tolerantes, sem apresentar danos
significativos. Contudo, poucos trabalhos posicionam a seletividade de
nicosulfuron em cultivares STS. O objetivo do presente trabalho foi avaliar a
seletividade de doses do herbicida nicosulfuron aplicado em p&#xF3;s-emerg&#xEA;ncia (V4)
de soja RR/STS. Os experimentos foram conduzidos nas safras de 2015/16 e 2016/
17, em Piracicaba - SP. Em 2016/17, tamb&#xE9;m foi conduzido em Palotina - PR. Os
tratamentos foram compostos por seis doses do herbicida nicosulfuron (0, 50, 100,
150, 200 e 250 g i.a. ha-1). O delineamento experimental empregado nos quatro
ensaios foi em blocos casualizados com quatro repeti&#xE7;&#xF5;es. Foram avaliados os
sintomas de inj&#xFA;ria aos 7, 14, 21 e 28 dias ap&#xF3;s a aplica&#xE7;&#xE3;o, bem como realizada
avalia&#xE7;&#xE3;o de vari&#xE1;veis relacionadas ao desempenho agron&#xF4;mico (altura de
plantas, n&#xFA;mero de vagens por planta, produtividade e massa de mil gr&#xE3;os). Os
dados obtidos foram submetidos &#xE0; an&#xE1;lise de regress&#xE3;o (p&lt;0,05). Analisando as
doses estimadas, que reduziram em 5% a produtividade em rela&#xE7;&#xE3;o &#xE0; dose 0,
verifica-se que estas doses ficaram entre 57,79 e 68,37 g i.a. ha-1; assim, pode-se
inferir que de maneira geral a soja RR/STS &#xE9; tolerante para aplica&#xE7;&#xE3;o de
nicosulfuron at&#xE9; 57,79 g i.a. ha-1, pelas doses estimadas. Pode-se concluir que a
soja RR/STS &#xE9; tolerante para aplica&#xE7;&#xE3;o de nicosulfuron at&#xE9; 50 g i.a. ha-1, de acordo com as doses
aplicadas.

Palavras-chave: culturas tolerantes a herbicidas, inibidores da ALS, desempenho agron&#xF4;mico, seletividade,
Glycine max (L.) Merrill.</subfield>
  </datafield>
  <datafield tag="650" ind1=" " ind2=" ">
    <subfield code="a">HERBICIDA</subfield>
  </datafield>
  <datafield tag="650" ind1=" " ind2=" ">
    <subfield code="a">GLYCINE MAX</subfield>
  </datafield>
  <datafield tag="650" ind1=" " ind2=" ">
    <subfield code="a">SOJA</subfield>
  </datafield>
  <datafield tag="650" ind1=" " ind2=" ">
    <subfield code="a">INIBIDOR DE ENZIMA</subfield>
  </datafield>
  <datafield tag="773" ind1="0" ind2=" ">
    <subfield code="0">886</subfield>
    <subfield code="9">1816</subfield>
    <subfield code="d">Londrina-PR : Sociedade Brasileira da Ci&#xEA;ncia das Plantas Daninhas, 1978</subfield>
    <subfield code="o">2023-031023</subfield>
    <subfield code="t">Planta Daninha (Brazil)</subfield>
    <subfield code="x">0100-8358; 1806-9681 (on-line)</subfield>
    <subfield code="g">v. 37 p. 1-11; (2019)</subfield>
    <subfield code="w">BR2023000409</subfield>
  </datafield>
  <datafield tag="856" ind1=" " ind2=" ">
    <subfield code="u">https://www.scielo.br/j/pd/a/hL3zZCgKHVgxZYMvJ7v3fNz/?format=pdf&amp;lang=en</subfield>
  </datafield>
  <datafield tag="942" ind1=" " ind2=" ">
    <subfield code="c">Anal&#xED;tica</subfield>
  </datafield>
  <datafield tag="999" ind1=" " ind2=" ">
    <subfield code="c">9188</subfield>
    <subfield code="d">9188</subfield>
  </datafield>
</record>
